| 000 -LEADER |
| fixed length control field |
00931nam a22002057a 4500 |
| 005 - DATE AND TIME OF LATEST TRANSACTION |
| control field |
20221107122642.0 |
| 008 - FIXED-LENGTH DATA ELEMENTS--GENERAL INFORMATION |
| fixed length control field |
191206s2019 tu ||||| |||| 00| 0 tur d |
| 020 ## - INTERNATIONAL STANDARD BOOK NUMBER |
| International Standard Book Number |
9786058272156x |
| 041 ## - LANGUAGE CODE |
| Language code of text/sound track or separate title |
tur |
| 080 ## - UNIVERSAL DECIMAL CLASSIFICATION NUMBER |
| Universal Decimal Classification number |
811.512.16 Y-40 |
| 245 ## - TITLE STATEMENT |
| Title |
Yedi Iklim Turkce : |
| Remainder of title |
A1 Ders Kitabı / |
| Statement of responsibility, etc. |
edit : Seref Ates ; Mustafa Balci. |
| 264 ## - PRODUCTION, PUBLICATION, DISTRIBUTION, MANUFACTURE, AND COPYRIGHT NOTICE |
| Place of production, publication, distribution, manufacture |
Ankara : |
| Name of producer, publisher, distributor, manufacturer |
Yunus emre enstitusu |
| Date of production, publication, distribution, manufacture, or copyright notice |
2019. |
| 300 ## - PHYSICAL DESCRIPTION |
| Extent |
191 p.: |
| Other physical details |
ill.: |
| Dimensions |
29 cm. |
| 653 ## - INDEX TERM--UNCONTROLLED |
| keyword |
თურქული ენა |
| 653 ## - INDEX TERM--UNCONTROLLED |
| keyword |
შვიდი კლიმატის თურქული A1 სახელმძღვანელო და სავარჯიშო რვეული |
| 700 ## - ADDED ENTRY--PERSONAL NAME |
| Personal name |
Ates, Seref |
| Relator term |
რედაქტორი |
| 9 (RLIN) |
5692 |
| 700 ## - ADDED ENTRY--PERSONAL NAME |
| Personal name |
Mustafa Balci |
| Relator term |
რედაქტორი |
| 9 (RLIN) |
5694 |
| 856 ## - ELECTRONIC LOCATION AND ACCESS |
| Uniform Resource Identifier |
https://www.yee.org.tr/tr/yayin/yedi-iklim-turkce-a1-ders-kitabi |
| Link text |
ელექტრონული ფაილი pdf |
| 942 ## - ADDED ENTRY ELEMENTS (KOHA) |
| Source of classification or shelving scheme |
|
| Koha item type |
წიგნი |